| 000 | 01068nam a2200313 c 4500 | ||
|---|---|---|---|
| 999 |
_c186384 _d186384 |
||
| 003 | BLK | ||
| 005 | 20231023173313.0 | ||
| 008 | 180411b bul|||||r ||||||| ||bul|| | ||
| 010 | _aKNG00195378000 | ||
| 040 | _aBLK | ||
| 041 |
_aBUL _cBUL |
||
| 080 |
_aБългарска литература _b821.163.2 _x-4 _z821.163.2-4 |
||
| 100 | 1 |
_aМутафчиева, Вера Петрова _d1929-2009 _gписател, историк-османист _9363840 |
|
| 139 |
_aМутафчиева, Вера Петрова _bМ 96 |
||
| 245 | 1 | 0 |
_aБелия свят _bЕсета _cВера Петрова Мутафчиева. |
| 257 | _aBGR | ||
| 260 |
_aСофия _bВоен. изд. _c1987 |
||
| 300 |
_a200 с. _c21 см |
||
| 380 | _aX | ||
| 500 | _a30 135 тир. | ||
| 852 | _aЦб 152663 | ||
| 856 | 4 |
_qpdf _i0.00 _ldisable |
|
| 856 | 4 |
_qpdf _i0.00 _ldisable |
|
| 942 |
_cKNG _n0 _010 _s1 |
||
| 944 |
_aCR _c07.11.2016 _k30576 _lЦветомила Тодорова |
||
| 944 |
_aED _c07.11.2016 _kКети_Илиева |
||
| 999 | _d186384 | ||
| 999 | _d186384 | ||